000 01531nam0a2200325 4500
001 RU\NLR\bibl\800591
005 20260405145657.0
010 _a5-94600-011-х
_9300
021 _aRU
_b2005-7661
_9397
035 _a(NLR Aleph) 000789767
090 _a1114290
_c1114290
100 _a20050518d2004 |||y0rusy50 ca
101 0 _arus
102 _aRU
105 _aa |||||||||
200 1 _aТехнология и технические средства для основной обработки почвы в сухостепных агроландшафтах Нижнего Поволжья
_fОрсик Л.С., Борисенко И.Б., Дринча В.М. [и др.]
_gРос. акад. с.-х. наук
210 _aМосква
_cРоссельхозакадемия
_d2004
215 _a73 с.
_cил., цв. ил., факс.
_d29
320 _aБиблиогр.: с. 72-73 (29 назв.)
606 1 _aАридные почвы
_xОбработка
_xМеханизация
_yПоволжье Нижнее
_92123300
_3RU\NLR\auth\661585635
686 _aП143(2Р354,3)
701 1 _aОрсик
_bЛ. С.
_gЛеонид Станиславович
_4070
701 1 _aБорисенко
_bЛ. Б.
_gИван Борисович
_4070
701 1 _4070
_7ca
_8rus
_aДринча
_bВ. М.
_f1960-
_gВасилий Михайлович
_944002
_3RU\NLR\AUTH\7761072
801 0 _aRU
_bNLR
_c20050518
_grcr
801 1 _aRU
_bNLR
_c20050518
830 _aАвт. по кн.
942 _cBOOK
980 _aNB